JR東日本 東北路線愛称クイズ - Statistics

General Stats
  • This quiz has been taken 603 times
  • The average score is 8 of 12
Answer Stats
Hint Answer % Correct
男鹿線 __なまはげライン
87%
大船渡線 ドラゴンレール__線
76%
八戸線 うみねこレール__市内線
76%
左沢線 フルーツライン__線
70%
花輪線 十和田八幡平四季彩ライン
69%
陸羽西線 奥の細道最上川ライン
68%
大湊線 はまなすベイライン__線
64%
水郡線 奥久慈清流ライン
64%
磐越東線 ゆうゆうあぶくまライン
61%
陸羽東線 奥の細道湯けむりライン
61%
釜石線 銀河ドリームライン__線
59%
磐越西線 森と水とロマンの鉄道
58%
No matching quizzes found
Score Distribution
Percent of People with Each Score
Percentile by Number Answered
Your Score History
You have not taken this quiz